000 00219 a2200097 4500
001 14862
100 _aWinstedt
245 _aMalaya and its history
260 _aNew York
_bHutchinson Univ lib
_c
090 _c11632
_d11632
942 _aNUST-CAE
_cM
_c1817
999 _c249935
_d249935